Statistiques concernant Monuments du monde

Cliquez ici pour prendre le quiz!

Statistiques générales

  • Ce quiz a été pris 376 fois
    (346 depuis la dernière actualisation)
  • Le résultat moyen est 9 sur 15

Statistiques - réponses

Ou se trouve le(s) ou la :Pays% Correct
Mont saint-Michel?France
95%
Le mont Fuji?Japon
94%
Big Ben?Royaume-Uni
93%
Macchu picchu?Pérou
91%
L'Acropole?Grèce
85%
Parc national de yellowstoneEtats-Unis
83%
Porte de Brandebourg?Allemagne
80%
Palais royale d'aranjuezEspagne
58%
Ayers rock?Australie
57%
Baie de Ha LongVietnam
46%
Chateau Saint ange?Italie
42%
Îles GalápagosEquateur
38%
L'Abbaye de Saint-Gall?Suisse
32%
KarnakEgypte
26%
Chutes Victoria?Zambie
19%

Distribution des résultats

Percentile par nombre de réponses

% des personnes avec chaque résultat

Votre développement - résultats

Vous n’avez pas pris ce quiz depuis la dernière actualisation